Idealisme i positivisme en la medicina catalana del segle XIX / Joan Riera
Descripción Física:
148 p., 1 làm. ; 25 cm
Colección:
Arxius de la Secció de Ciències ; 53
Materias:
Medicina -- Catalunya -- S. XIX
MARC
| LEADER | 00000nam a2200000Ia 4500 | ||
|---|---|---|---|
| 001 | 8902 | ||
| 008 | 160829s1973 xx 000 0 cat d | ||
| 080 | |a C-1-182 | ||
| 100 | |a Riera, Joan |9 19922 | ||
| 245 | |a Idealisme i positivisme en la medicina catalana del segle XIX / Joan Riera | ||
| 260 | |a Barcelona : |b Institut d' Estudis Catalans, Secció de Ciències, |c 1973 | ||
| 300 | |a 148 p., 1 làm. ; |c 25 cm | ||
| 490 | |a Arxius de la Secció de Ciències ; 53 | ||
| 590 | |a Borsa d' Estudis Bartomeu Robert, 1970 | ||
| 650 | |a Medicina |x Catalunya |x S. XIX |9 46645 | ||
| 710 | 1 | |a Institut d'Estudis Catalans. |b Secció de Ciències |9 54840 | |
| 901 | |a Arxiu | ||
| 942 | |n 1 | ||
| 952 | |0 0 |1 0 |4 0 |6 C1182 |7 1 |9 41374 |a Arxiu |b Arxiu |d 2016-12-01 |l 0 |o C-1-182 |p 8902 |r 2016-12-01 00:00:00 |w 2016-12-01 |y ARXIU | ||
| 999 | |c 43181 |d 43181 | ||